[Event "18 th Iranian Men Chess Championship"]
[Site "?"]
[Date "2008.02.27"]
[Round "13"]
[White "Mousavian, S.Hamed"]
[Black "Roghani, Arash"]
[Result "0-1"]
[WhiteElo "2349"]
[BlackElo "2362"]
[PlyCount "96"]
[EventDate "2008.??.??"]

1. d4 d5 2. e3 c5 3. Bd3 Nc6 4. c3 e6 5. f4 Bd6 6. Nf3 f6 7. Nh4 g6 8. O-O Nge7
9. Kh1 O-O 10. dxc5 Bxc5 11. e4 dxe4 12. Bxe4 f5 13. Bc2 Qxd1 14. Bxd1 e5 15.
fxe5 Nxe5 16. b4 $11 Bb6 17. Bh6 Re8 18. Bb3+ Kh8 19. Nd2 N7c6 20. Nc4 Nxc4 21.
Bxc4 Ne5 22. Bb5 Bd7 23. Bxd7 Nxd7 24. c4 Re4 25. Rf4 Rae8 26. c5 Bc7 27. Rxe4
Rxe4 28. Rd1 Nf6 29. g3 Rxb4 30. Bg5 Kg7 31. Bxf6+ Kxf6 32. Rd7 Be5 33. Rxh7 a5
34. Rh6 Kf7 35. Nf3 Kg7 36. Rh3 Bf6 37. Nd2 a4 38. g4 Rxg4 39. Re3 Bd4 40. Re1
Bxc5 41. Nf3 Re4 42. Rd1 Kf6 43. Rd7 Rf4 44. Kg2 Rg4+ 45. Kf1 Rb4 46. Rc7 Bd6
47. Rc2 a3 48. Ke2 Rb1 0-1